Elementos de álgebra (Record no. 142080)

MARC details
000 -LÍDER
campo de controle de tamanho fixo 00642 a2200181 4500
001 - NÚMERO DE CONTROLE
campo de controle 142080
040 ## - FONTE DA CATALOGAÇÃO
Instituição que transcreveu o registro Leonardo Da Vinci
041 ## - CÓDIGO DE IDIOMA
Código do idioma do texto/trilha sonora ou título diferente Português
082 ## - CDD - CLASSIFICAÇÃO DECIMAL DE DEWEY
Número de Classificação 512 S724e
Número do exemplar S724e
100 ## - ENTRADA PRINCIPAL--NOME PESSOAL
Nome pessoal SPANGLER, W. M
245 ## - TÍTULO
Título Elementos de álgebra
Restante do título preparado especialmente para cátedra à distância
250 ## - EDIÇÃO
Edição v.3
260 ## - PUBLICAÇÃO, DISTRIBUIÇÃO, ETC.
Nome do editor, distribuidor, etc. Escolas Internacionais da América Latina
Data da publicação, distribuição, etc. 197-
Local de publicação, distribuição, etc. São Paulo
300 ## - DESCRIÇÃO FÍSICA
Extensão 75
362 ## - DATAS DE PUBLICAÇÃO E/OU DESIGNAÇÃO SEQUENCIAL
Datas de publicação e/ou designação sequencial 197-0000
697 ## - ENTRADA DE ASSUNTO LOCAL--ENTIDADE COLETIVA (RLIN)
Nome corporativo ou nome da jurisdição Matemática
-- Álgebra
-- Fração
-- Redução
-- Adição
-- Subtração
-- Multiplicação
-- Divisão
-- Expoente Fracionário
-- Radicais
-- Expoente Negativo
-- Potenciação
-- Ensino Médio
942 ## - ELEMENTOS DE ENTRADA ADICIONADOS (KOHA)
Tipo de material Koha Livros
Holdings
Situação do descarte Situação das perdas Situação física Não pode ser emprestado Biblioteca de origem Biblioteca atual Data de aquisição Total de empréstimos Número de chamada completo Código de barras Data de último acesso Data do preço efetivo Tipo de material Koha
        Leonardo Da Vinci - Osasco Leonardo Da Vinci - Osasco 27/03/2024   512 S724e O007402 27/03/2024 27/03/2024 Livros